Southville International School and Colleges
Your cart is empty.
  • Cart
  • Lists
    Public lists Eva Luna New books Lux_list list_1
    Your lists Log in to create your own lists
  • Log in to your account
  • Your cookies
  • Search history
Southville International School and Colleges
  • Advanced search
  • Recent comments
  • Most popular
  • Libraries

Log in to your account

Log in with GOOGLE


If you do not have an external account, but do have a local account, you can still log in:

  1. Home
  2. MARC view: Philippinne contemporary literature :
Normal view MARC view ISBD view

Philippinne contemporary literature : (Record no. 340300)

[ view plain ]
MARC details
000 -LEADER
fixed length control field 00614nam a2200241Ia 4500
008 - FIXED-LENGTH DATA ELEMENTS--GENERAL INFORMATION
fixed length control field 170712s9999 xx 000 0 und d
020 ## - INTERNATIONAL STANDARD BOOK NUMBER
International Standard Book Number 9715690890
050 ## - LIBRARY OF CONGRESS CALL NUMBER
Classification number 890
050 ## - LIBRARY OF CONGRESS CALL NUMBER
Item number D249 1990
100 ## - MAIN ENTRY--PERSONAL NAME
Personal name David-Maramba, Asuncion
245 ## - TITLE STATEMENT
Title Philippinne contemporary literature :
245 ## - TITLE STATEMENT
Remainder of title In English and Filipino /
245 ## - TITLE STATEMENT
Statement of responsibility, etc by Asuncion David-Maramba.
250 ## - EDITION STATEMENT
Edition statement Sixth edition
260 ## - PUBLICATION, DISTRIBUTION, ETC. (IMPRINT)
Place of publication, distribution, etc Philippines :
260 ## - PUBLICATION, DISTRIBUTION, ETC. (IMPRINT)
Name of publisher, distributor, etc Bookmark,
260 ## - PUBLICATION, DISTRIBUTION, ETC. (IMPRINT)
Date of publication, distribution, etc 1990
300 ## - PHYSICAL DESCRIPTION
Extent 519 pages :
300 ## - PHYSICAL DESCRIPTION
Other physical details illustrations ;
300 ## - PHYSICAL DESCRIPTION
Dimensions 21cm.
650 ## - SUBJECT ADDED ENTRY--TOPICAL TERM
Topical term or geographic name as entry element Philippine literature.
650 ## - SUBJECT ADDED ENTRY--TOPICAL TERM
Topical term or geographic name as entry element Title.

No items available.

Philippinne contemporary literature :

APA

David-Maramba A., .Philippinne contemporary literature. Philippines: .

Chicago

David-Maramba Asuncion, .Philippinne contemporary literature. Philippines: .

Harvard

David-Maramba A., .Philippinne contemporary literature. Philippines: .

MLA

David-Maramba Asuncion, .Philippines: . .

  • Print
  • Cite
  • Add to your cart (remove)
  • Save record
    BIBTEX Dublin Core MARCXML MARC (non-Unicode/MARC-8) MARC (Unicode/UTF-8) MARC (Unicode/UTF-8, Standard) MODS (XML) RIS
  • More searches
    Search for this title in:
    Other Libraries (WorldCat) Other Databases (Google Scholar) Online Stores (Bookfinder.com) Open Library (openlibrary.org)

Exporting to Dublin Core...

SOUTHVILLE LIBRARY

Southville International School and Colleges Library

1281 Tropical Ave. Cor. Luxembourg St., BF Homes International, Las Pinas City

Tel. No. 8256374 / 252358 Loc. 117/146

Powered by Koha